Datum a čas kvízu
28
Celkem bodů
Celkový počet nahraných bodů na tomto kvízu bez doplňovacích otázek.
14.
Pořadí na kvízu
Konečné umístění týmu na tomto kvízu.
Zaznamenané odpovědi
| # | Otázka | Odpověď | Body | Výsledky |
|---|---|---|---|---|
| 1. | Kdo byl ve středu vládou jedno... | Lenka Bradáčová | 1 | |
| 2. | Papež František v pondělí učin... | jmenoval ženu do církevního úřadu | 1 | |
| 3. | 62letá americká herečka se po... | Demi Moore | 1 | |
| 4. | Dánský král Frederik X. změnil... | medvěd lední | 1 | |
| 5. | 28letá česká parkurová jezdkyn... | Anna Kellnerová, Catch Me If You Can | 0.5 | |
| 6. | Toto téma jste si odhlasovali... | D | 1 | |
| 7. | Jistý uznávaný český básník je... | Svatební košile; Jaroslav Vrchlický | 0.5 | |
| 8. | Zákaz účasti osobám mladším 18... | B, D, A, C | 1 | |
| 9. | Přiřaďte (poměrně cudné) fotog... | 1B 2D 3C 4A | 0 | |
| 10. | V roce 2009 vydala jedna poměr... | Rammstein | 1 |